[Event "Berlin Lichtenberger op 10th"]
[Site "Berlin"]
[Date "2011.08.16"]
[Round "4"]
[White "Simon, Ralf Axel"]
[Black "Schreyer, Erik"]
[Result "1-0"]
[WhiteElo "2200"]
[BlackElo "1831"]
[PlyCount "113"]
[EventDate "2011.08.13"]
[EventType "swiss"]
[EventRounds "9"]
[EventCountry "GER"]
[SourceTitle "CBM 143 Extra"]
[Source "ChessBase"]
[SourceDate "2011.08.29"]
[SourceVersion "1"]
[SourceVersionDate "2011.08.29"]
[SourceQuality "1"]

1. d4 Nf6 2. c4 e6 3. g3 d5 4. Bg2 b6 5. Nf3 Bb7 6. 0-0 Be7 7. Ne5 0-0 8. Nc3 Nbd7 9. Qa4 Nxe5 10. dxe5 Ne4 11. Nxe4 dxe4 12. Rd1 Qe8 13. Qc2 Rd8 14. Rxd8 Qxd8 15. Be3 Qa8 16. Rd1 Rd8 17. Rxd8+ Bxd8 18. b4 Be7 19. c5 b5 20. Qd2 Bd5 21. h4 Qc6 22. Bg5 Bf8 23. Qb2 Qa6 24. a3 Qc6 25. Be3 a5 26. Qd4 Qa8 27. Kh2 a4 28. h5 Qc6 29. Kg1 Qa8 30. Kf1 Qc6 31. Ke1 Qb7 32. Kd1 Qc6 33. Kc1 Qb7 34. Kb2 Qc6 35. g4 Qb7 36. Bg5 Qc6 37. Qe3 Qb7 38. h6 gxh6 39. Bxh6 Bxh6 40. Qxh6 Qc6 41. Qg5+ Kf8 42. Qd8+ Kg7 43. Qg5+ Kf8 44. Qh6+ Kg8 45. Qe3 Qb7 46. Kc3 Qc6 47. Qg5+ Kf8 48. Qd8+ Kg7 49. Kd4 Qb7 50. Ke3 Qc6 51. Kf4 Qb7 52. e3 Qc6 53. Kg5 Qb7 54. Qf6+ Kf8 55. Kh6 Qa8 56. Kxh7 Qe8 57. g5 1-0

[Event "Berlin Lichtenberger op 10th"]
[Site "Berlin"]
[Date "2011.08.13"]
[Round "1"]
[White "Lagunow, Alexander"]
[Black "Schreyer, Erik"]
[Result "1-0"]
[WhiteElo "2434"]
[BlackElo "1831"]
[PlyCount "41"]
[EventDate "2011.08.13"]
[EventType "swiss"]
[EventRounds "9"]
[EventCountry "GER"]
[SourceTitle "CBM 143 Extra"]
[Source "ChessBase"]
[SourceDate "2011.08.29"]
[SourceVersion "1"]
[SourceVersionDate "2011.08.29"]
[SourceQuality "1"]

1. Nf3 d5 2. g3 c6 3. Bg2 e6 4. 0-0 Bd6 5. d4 f5 6. b3 Nf6 7. Bb2 0-0 8. c4 Nbd7 9. Qc2 Ne4 10. Ne5 g5 11. Nd2 h5 12. Nxe4 fxe4 13. f3 Bxe5 14. dxe5 c5 15. cxd5 exd5 16. e6 Nf6 17. fxe4 d4 18. Qxc5 Bxe6 19. Qxg5+ Kh8 20. Qh6+ Kg8 21. Qg6+ 1-0

[Event "NRW-ch U14"]
[Site "Kranenburg"]
[Date "2007.04.12"]
[Round "5"]
[White "Schreyer, Erik"]
[Black "Wittke, Rene"]
[Result "1/2-1/2"]
[WhiteElo "1588"]
[BlackElo "1910"]
[PlyCount "35"]
[EventDate "2007.04.09"]
[EventType "swiss"]
[EventRounds "7"]
[EventCountry "GER"]
[SourceTitle "EXT 2008"]
[Source "ChessBase"]
[SourceDate "2007.11.25"]
[SourceVersion "1"]
[SourceVersionDate "2007.11.25"]
[SourceQuality "1"]

1. e4 e5 2. Nf3 Nf6 3. Nxe5 d6 4. Nf3 Nxe4 5. Nc3 Nxc3 6. dxc3 Be7 7. Bf4 0-0 8. Qd2 Nc6 9. 0-0-0 a6 10. Bd3 Bf6 11. h3 Be6 12. g4 Re8 13. Rde1 Qd7 14. Ng5 Bxg5 15. Bxg5 Ne5 16. Be4 Qb5 17. b3 f6 18. Bf4 1/2-1/2

[Event "NRW U14 op"]
[Site "Olpe"]
[Date "2005.10.04"]
[Round "7.3"]
[White "Schreyer, Erik"]
[Black "Strathoff, Jens"]
[Result "1/2-1/2"]
[WhiteElo "1417"]
[BlackElo "2028"]
[PlyCount "89"]
[EventDate "2005.10.01"]
[EventType "swiss"]
[EventRounds "7"]
[EventCountry "GER"]
[SourceTitle "CBM 108 Extra"]
[Source "ChessBase"]
[SourceDate "2005.11.04"]
[SourceVersion "1"]
[SourceVersionDate "2005.11.04"]
[SourceQuality "1"]

1. e4 e5 2. Nf3 Nc6 3. d4 exd4 4. Nxd4 Bc5 5. Be3 Qf6 6. c3 Nge7 7. Bb5 a6 8. Bc4 0-0 9. 0-0 Bb6 10. Nc2 Ne5 11. Bb3 Bxe3 12. Nxe3 d6 13. Nd2 Qg6 14. Re1 Kh8 15. Nec4 N7c6 16. Nf3 Nxc4 17. Bxc4 Bg4 18. Kh1 Bxf3 19. Qxf3 Ne5 20. Qe2 Qf6 21. f3 h6 22. Bd5 Rab8 23. Rad1 Qf4 24. Qe3 Qxe3 25. Rxe3 b6 26. Rde1 Ng6 27. g3 a5 28. f4 f6 29. a3 Rbe8 30. b4 axb4 31. axb4 Ne7 32. c4 g6 33. e5 fxe5 34. fxe5 Nxd5 35. cxd5 dxe5 36. Rxe5 Rxe5 37. Rxe5 Kg7 38. d6 cxd6 39. Rb5 Rb8 40. Rd5 Rd8 41. Rb5 d5 42. Rxb6 d4 43. Rc6 Kf7 44. Kg2 d3 45. Rc1 1/2-1/2

[Event "NRW U14 op"]
[Site "Olpe"]
[Date "2005.10.01"]
[Round "2.2"]
[White "Mazarov, Juergen"]
[Black "Schreyer, Erik"]
[Result "1-0"]
[WhiteElo "1999"]
[BlackElo "1417"]
[PlyCount "57"]
[EventDate "2005.10.01"]
[EventType "swiss"]
[EventRounds "7"]
[EventCountry "GER"]
[SourceTitle "CBM 108 Extra"]
[Source "ChessBase"]
[SourceDate "2005.11.04"]
[SourceVersion "1"]
[SourceVersionDate "2005.11.04"]
[SourceQuality "1"]

1. e4 d5 2. exd5 Qxd5 3. Nc3 Qa5 4. Nf3 Bg4 5. h3 Bh5 6. d3 c6 7. Be2 Nf6 8. Bf4 e6 9. a3 Nbd7 10. Qd2 Be7 11. 0-0 0-0 12. b4 Qb6 13. Ne5 Nxe5 14. Bxe5 Bxe2 15. Qxe2 Nd5 16. Nxd5 cxd5 17. c4 dxc4 18. dxc4 Rac8 19. c5 Qc6 20. Rac1 Rfd8 21. b5 Qd5 22. Rfd1 Qb3 23. Rxd8+ Bxd8 24. c6 b6 25. Rc3 Qb1+ 26. Kh2 Bc7 27. Bxc7 Rxc7 28. Qd2 Rc8 29. Qd7 1-0